000 01022cam a22002651 4500
001 e 23000120
003 DLC
005 20260227111214.0
007 cr_|||||||||||
008 790915s1921 nyuaf 000 0 eng c
010 _ae 23000120
035 _a(OCoLC)5378080
040 _aLibrary, U.S. Bur. of Education
_cOCl
_dOCoLC
_dDLC
042 _apremarc
050 0 0 _aLA339.N6
_bA5 1921
110 2 _aUniversity of the State of New York.
245 1 2 _aA report of the survey of the Niagara Falls school system,
_cby the State department of education.
260 _aAlbany,
_bThe University of the state of New York press,
_c1921.
300 _a1 p. l., 5-223 p. incl. tables.
_bfront., plates., diagrs.
_c23 cm.
530 _aAlso available in digital form on the Internet Archive Web site.
650 0 _aEducation
_zNew York (State)
_zNiagara Falls.
650 0 _aEducational surveys.
650 0 _aPublic schools
_zNew York (State)
_zNiagara Falls.
856 4 1 _uhttp://hdl.loc.gov/loc.gdc/scd0001.00221181918
999 _c20605
_d20605